|
|
|
|
| LEADER |
00000nam0a2200000 4500 |
| 001 |
230292 |
| 005 |
20231101231008.0 |
| 035 |
|
|
|a (RuTPU)RU\TPU\book\251057
|
| 090 |
|
|
|a 230292
|
| 100 |
|
|
|a 20130118d1924 k y0rusy50 ca
|
| 101 |
0 |
|
|a rus
|
| 102 |
|
|
|a RU
|
| 105 |
|
|
|a y z 000zy
|
| 200 |
1 |
|
|a Инструкция для составления геологических карт
|e [оттиск]
|
| 210 |
|
|
|a Ленинград
|c Лениградский гублит
|d 1924
|
| 215 |
|
|
|a 10 с.
|
| 225 |
1 |
|
|a Известия Геологического Комитета
|v Т. 43, № 8
|
| 317 |
|
|
|5 63413507: КР-174
|a Поступила в НТБ в 2004 г. в составе книжного собрания профессора ТПИ К. В. Радугина.
|
| 606 |
1 |
|
|a Геологические карты
|2 stltpush
|3 (RuTPU)RU\TPU\subj\6050
|9 34014
|
| 610 |
1 |
|
|a инструкция
|
| 610 |
1 |
|
|a составление
|
| 610 |
1 |
|
|a геологические исследования
|
| 610 |
1 |
|
|a отчеты
|
| 610 |
1 |
|
|a владельческая надпись
|
| 610 |
1 |
|
|a библиотека К. В. Радугина
|
| 675 |
|
|
|a 550.8:528
|v 3
|
| 801 |
|
1 |
|a RU
|b 63413507
|c 20130118
|
| 801 |
|
2 |
|a RU
|b 63413507
|c 20190221
|g RCR
|
| 942 |
|
|
|c BK
|